01d-北海道・道東の市町村クイズ - Statistics

General Stats
  • This quiz has been taken 1,581 times
    1,456 since last reset
  • The average score is 31 of 56
Answers on the Map
Answers color-coded by a green-red scale on the quiz's map according to % correct below.
 
Answer Stats
Answer % Correct
根室ねむろ
79%
北見きたみ
78%
釧路くしろ
76%
網走あばしり
75%
斜里しゃりちょう
73%
色丹しこたんむら
72%
羅臼らうすちょう
70%
釧路くしろちょう
69%
厚岸あっけしちょう
67%
中標津なかしべつちょう
66%
佐呂間さろまちょう
65%
帯広おびひろ
64%
弟子屈てしかがちょう
64%
興部おこっぺちょう
62%
西興部にしおこっぺむら
62%
別海べつかいちょう
62%
標津しべつちょう
61%
とまりむら
60%
紋別もんべつ
60%
雄武おうむちょう
59%
大空おおぞらちょう
59%
蘂取しべとろむら
59%
浜中はまなかちょう
59%
紗那しゃなむら
58%
広尾ひろおちょう
58%
遠軽えんがるちょう
57%
足寄あしょろちょう
56%
標茶しべちゃちょう
56%
白糠しらぬかちょう
56%
小清水こしみずちょう
55%
大樹たいきちょう
55%
清里きよさとちょう
54%
新得しんとくちょう
53%
訓子府くんねっぷちょう
52%
留夜別るよべつむら
52%
鶴居つるいむら
51%
陸別りくべつちょう
51%
留別るべつむら
51%
上士幌かみしほろちょう
49%
湧別ゆうべつちょう
49%
滝上たきのうえちょう
48%
池田いけだちょう
47%
置戸おけとちょう
47%
音更おとふけちょう
47%
士幌しほろちょう
47%
美幌びほろちょう
47%
鹿追しかおいちょう
45%
芽室めむろちょう
45%
津別つべつちょう
44%
中札内なかさつないむら
44%
幕別まくべつちょう
44%
浦幌うらほろちょう
43%
豊頃とよころちょう
43%
更別さらべつむら
39%
清水しみずちょう
39%
本別ほんべつちょう
37%
No matching quizzes found
Score Distribution
Percent of People with Each Score
Percentile by Number Answered
Your Score History
You have not taken this quiz since the last reset